L'Escola Patronat Domènech : cent anys d'història / textos: Josep González-Agàpito ... [et al.] cent anys d'història / textos:
ISBN:
84-7609-945-2
Descripción Física:
79 p., il. ; 24 cm
Otros Autores:
González-Agàpito, Josep, 1946-
MARC
| LEADER | 00000nam a2200000Ia 4500 | ||
|---|---|---|---|
| 001 | 13562 | ||
| 003 | BGR | ||
| 005 | 20260324175331.0 | ||
| 008 | 160829s2001 xx 000 0 cat d | ||
| 020 | |a 84-7609-945-2 | ||
| 080 | |a E-1-211 | ||
| 245 | |a L'Escola Patronat Domènech : |b cent anys d'història / textos: |b Josep González-Agàpito ... [et al.] | ||
| 260 | |a Barcelona : |b Ajuntament de Barcelona, Institut d'Educació, |c 2001 | ||
| 300 | |a 79 p., il. ; |c 24 cm | ||
| 650 | |a Escola Patronat Domènech |x Història |9 27538 | ||
| 650 | |a Escola Patronat Domènech |x Aniversaris, etc. |9 27539 | ||
| 700 | 1 | |a González-Agàpito, Josep, |d 1946- |9 27540 | |
| 710 | 2 | |a Institut Municipal d'Educació (Barcelona, Catalunya) |9 56273 | |
| 710 | 1 | |a Escola Patronat Domènech |9 70793 | |
| 901 | |a Arxiu | ||
| 942 | |n 1 |2 udc |c MON | ||
| 952 | |0 0 |1 0 |4 0 |6 E1211 |7 1 |9 44431 |a Arxiu |b Arxiu |d 2016-12-01 |l 0 |o E-1-211 |p 13562 |r 2016-12-01 00:00:00 |w 2016-12-01 |y ARXIU | ||
| 999 | |c 47012 |d 47012 | ||